Round the turkey : a gratetful thanksgiving

Bibliographic Details
Main Author: Kimmelman, Leslie
Other Authors: Cote, Nancy
Format: Book
Published: New York : AV by Weigl , 2013
Series:AV2 Fiction Readalong
Subjects:

MARC

LEADER 00000cam a2200000 7i4500
001 0000176708
005 20140403.0
020 |a 9781619131309 
090 0 0 |a JF   |b KIM 
100 1 |a Kimmelman, Leslie 
245 1 0 |a Round the turkey :   |b a gratetful thanksgiving   |c Leslie Kimmelman ; illustrated by Nancy Cote 
260 |a New York :   |b AV by Weigl ,   |c 2013 
300 |a 32p,. ;   |c 22cm. 
490 0 |a AV2 Fiction Readalong 
500 |a Play & Learn Library 
650 0 0 |a Children's stories 
700 1 |a Cote, Nancy 
999 |a 00291224   |b BUKU   |c PINJAMAN   |e PERPUSTAKAAN KOMUNITI PETALING JAYA